000
00307nam a22001337a 4500
008
180104b xxu||||| |||| 00| 0 eng d
020
_a
9780205728800
041
_a
eng
080
_2
3RD
_a
94
100
_a
16
101
_a
HIS
245
_a
AFRICAN AMERICANS A CONCISE HISTORY
_c
HINE,D.C
942
_2
udc
_c
BK
999
_c
39693
_d
39693